History of the church/ (Record no. 9632)
[ view plain ]
| 000 -LEADER | |
|---|---|
| fixed length control field | 01288cam a22003495a 4500 |
| 005 - DATE AND TIME OF LATEST TRANSACTION | |
| control field | 20150813145629.0 |
| 008 - FIXED-LENGTH DATA ELEMENTS--GENERAL INFORMATION | |
| fixed length control field | 081123s1993 nyu||||gr|||| 00| 0 eng d |
| 010 ## - LIBRARY OF CONGRESS CONTROL NUMBER | |
| LC control number | 93029474 |
| 020 ## - INTERNATIONAL STANDARD BOOK NUMBER | |
| International Standard Book Number | 0824512545 (Vol.2) |
| 020 ## - INTERNATIONAL STANDARD BOOK NUMBER | |
| International Standard Book Number | 9780824512538 (vol.1) |
| 020 ## - INTERNATIONAL STANDARD BOOK NUMBER | |
| International Standard Book Number | 0824512545 (Vol.2) |
| 020 ## - INTERNATIONAL STANDARD BOOK NUMBER | |
| International Standard Book Number | 0824512553 (Vol.3) |
| 040 ## - CATALOGING SOURCE | |
| Original cataloging agency | EG-ScBUE |
| Language of cataloging | eng |
| Transcribing agency | EG-ScBUE |
| 082 04 - DEWEY DECIMAL CLASSIFICATION NUMBER | |
| Classification number | 270 |
| Item number | HIS |
| Edition number | 22 |
| 100 ## - MAIN ENTRY--PERSONAL NAME | |
| Personal name | 20080729 |
| 245 04 - TITLE STATEMENT | |
| Title | History of the church/ |
| Statement of responsibility, etc | edited by Hubert Jedin ; English translation edited by John Dolan ; abridged by D. Larrimore Holland. |
| 260 ## - PUBLICATION, DISTRIBUTION, ETC. (IMPRINT) | |
| Place of publication, distribution, etc | New York : |
| Name of publisher, distributor, etc | Crossroad, |
| Date of publication, distribution, etc | c.1993. |
| 300 ## - PHYSICAL DESCRIPTION | |
| Extent | 3 vol. ; |
| Dimensions | 26 cm. |
| 490 1# - Series Statement | |
| Series statement | History of the church ; |
| Volume/sequential designation | v. 2 |
| 500 ## - GENERAL NOTE | |
| General note | The Medieval and reformation church. Vol.1/The early church. Vol.2/The church in the modern world. Vol.3 |
| 590 ## - LOCAL NOTE (RLIN) | |
| Local note | doaa mohamed |
| 610 20 - SUBJECT ADDED ENTRY--CORPORATE NAME | |
| Corporate name or jurisdiction name as entry element | Catholic Church |
| General subdivision | History |
| Chronological subdivision | 16th century. |
| 610 20 - SUBJECT ADDED ENTRY--CORPORATE NAME | |
| Corporate name or jurisdiction name as entry element | Catholic Church |
| General subdivision | History |
| Chronological subdivision | 17th century. |
| 610 20 - SUBJECT ADDED ENTRY--CORPORATE NAME | |
| Corporate name or jurisdiction name as entry element | Catholic Church |
| General subdivision | History |
| Chronological subdivision | 18th century. |
| 650 ## - SUBJECT ADDED ENTRY--TOPICAL TERM | |
| Source of heading or term | BUEsh |
| 651 #0 - SUBJECT ADDED ENTRY--GEOGRAPHIC NAME | |
| Geographic name | Europe |
| General subdivision | Church history |
| Chronological subdivision | 600-1500. |
| Source of heading or term | BUEsh |
| 700 1# - ADDED ENTRY--PERSONAL NAME | |
| Personal name | Jedin, Hubert, |
| Dates associated with a name | 1900- |
| 700 1# - ADDED ENTRY--PERSONAL NAME | |
| Personal name | Dolan, John Patrick. |
| 700 1# - ADDED ENTRY--PERSONAL NAME | |
| Personal name | Holland, David Larrimore. |
| 830 #0 - SERIES ADDED ENTRY--UNIFORM TITLE | |
| Uniform title | Handbuch der Kirchengeschichte. |
| 942 ## - ADDED ENTRY ELEMENTS (KOHA) | |
| Item type | NB - Book (Non borrowing) |
| Call number prefix | 270 HIS |
| Source of classification or shelving scheme | Dewey Decimal Classification |
| Withdrawn status | Item status | Source of classification or shelving scheme | Damaged status | Not for loan | Home library | Current library | Shelving location | Date acquired | Source of acquisition | Total Checkouts | Full call number | Barcode | Date last seen | Koha item type | Public note |
|---|---|---|---|---|---|---|---|---|---|---|---|---|---|---|---|
| Dewey Decimal Classification | Central Library | Central Library | Lower Floor | 25/05/2008 | Purchase | 270 HIS | 000011434 | 15/07/2025 | NB - Book (Non borrowing) | Vol.2 | |||||
| Dewey Decimal Classification | Central Library | Central Library | Lower Floor | 23/11/2008 | Purchase | 270 HIS | 000011486 | 15/07/2025 | NB - Book (Non borrowing) | Vol.1 | |||||
| Dewey Decimal Classification | Central Library | Central Library | Lower Floor | 23/11/2008 | Purchase | 270 HIS | 000011483 | 15/07/2025 | NB - Book (Non borrowing) | Vol.3 |